<?xml version="1.0" encoding="UTF-8"?>
<record
    xmlns:xsi="http://www.w3.org/2001/XMLSchema-instance"
    xsi:schemaLocation="http://www.loc.gov/MARC21/slim http://www.loc.gov/standards/marcxml/schema/MARC21slim.xsd"
    xmlns="http://www.loc.gov/MARC21/slim">

  <leader>00469cam a22001691  4500</leader>
  <datafield tag="020" ind1=" " ind2=" ">
    <subfield code="a">2706808233</subfield>
  </datafield>
  <datafield tag="040" ind1=" " ind2=" ">
    <subfield code="c">NcRS</subfield>
  </datafield>
  <datafield tag="082" ind1=" " ind2=" ">
    <subfield code="a">633 LEC 1982 C325 Or.</subfield>
  </datafield>
  <datafield tag="100" ind1="1" ind2=" ">
    <subfield code="a">Lagi&#xE8;re, Robert.</subfield>
  </datafield>
  <datafield tag="245" ind1="1" ind2="3">
    <subfield code="a">Le Cotonnier,</subfield>
  </datafield>
  <datafield tag="260" ind1=" " ind2=" ">
    <subfield code="a">Paris,</subfield>
    <subfield code="b">G.-P. Maisonneuve et Larose,</subfield>
    <subfield code="c">1982.</subfield>
  </datafield>
  <datafield tag="300" ind1=" " ind2=" ">
    <subfield code="a">307 p.</subfield>
    <subfield code="b">illus., plates.</subfield>
    <subfield code="c">25 cm.</subfield>
  </datafield>
  <datafield tag="650" ind1=" " ind2="0">
    <subfield code="a">Cotton.</subfield>
  </datafield>
  <datafield tag="700" ind1="1" ind2=" ">
    <subfield code="a">Roehrich, Olivier,</subfield>
  </datafield>
  <datafield tag="710" ind1="2" ind2=" ">
    <subfield code="a">Institut de recherches du coton et des textiles exotiques.</subfield>
  </datafield>
  <datafield tag="942" ind1=" " ind2=" ">
    <subfield code="c">AEDBB</subfield>
  </datafield>
  <datafield tag="999" ind1=" " ind2=" ">
    <subfield code="c">21455</subfield>
    <subfield code="d">21455</subfield>
  </datafield>
  <datafield tag="952" ind1=" " ind2=" ">
    <subfield code="0">0</subfield>
    <subfield code="1">0</subfield>
    <subfield code="4">0</subfield>
    <subfield code="6">633_000000000000000_LEC_1982_C325_OR</subfield>
    <subfield code="7">0</subfield>
    <subfield code="9">93431</subfield>
    <subfield code="a">LBC</subfield>
    <subfield code="b">LBC</subfield>
    <subfield code="c">C325</subfield>
    <subfield code="d">2023-06-16</subfield>
    <subfield code="o">633 LEC 1982 C325 Or.</subfield>
    <subfield code="p">a21058</subfield>
    <subfield code="r">2023-06-16</subfield>
    <subfield code="w">2023-06-16</subfield>
    <subfield code="y">AEDBB</subfield>
  </datafield>
  <datafield tag="952" ind1=" " ind2=" ">
    <subfield code="0">0</subfield>
    <subfield code="1">0</subfield>
    <subfield code="4">0</subfield>
    <subfield code="6">633_000000000000000_LEC_1982_C325_OR</subfield>
    <subfield code="7">0</subfield>
    <subfield code="9">93432</subfield>
    <subfield code="a">LBC</subfield>
    <subfield code="b">LBC</subfield>
    <subfield code="c">C325</subfield>
    <subfield code="d">2023-06-16</subfield>
    <subfield code="o">633 LEC 1982 C325 Or.</subfield>
    <subfield code="p">a20801</subfield>
    <subfield code="r">2023-06-16</subfield>
    <subfield code="y">AEDBB</subfield>
  </datafield>
  <datafield tag="952" ind1=" " ind2=" ">
    <subfield code="0">0</subfield>
    <subfield code="1">0</subfield>
    <subfield code="4">0</subfield>
    <subfield code="6">633_000000000000000_LEC_1982_C325_OR</subfield>
    <subfield code="7">0</subfield>
    <subfield code="9">93433</subfield>
    <subfield code="a">LBC</subfield>
    <subfield code="b">LBC</subfield>
    <subfield code="c">C325</subfield>
    <subfield code="d">2023-06-16</subfield>
    <subfield code="o">633 LEC 1982 C325 Or.</subfield>
    <subfield code="p">a22103</subfield>
    <subfield code="r">2023-06-16</subfield>
    <subfield code="w">2023-06-16</subfield>
    <subfield code="y">AEDBB</subfield>
  </datafield>
</record>
